LEADER 01343nam a2200301 a 4500 001 000000135647 003 CaOOAMICUS 005 20131008111953.0 008 131008s2010 gw u000 u ger r 020 $z9783110225761* 040 $aPUL$bita 082 04$a103 100 1 $aEbbersmeyer, Sabrina.$0(OLS)http://pul/name/87345 245 10$aHomo agens :$bstudien zur Genese und Struktur frühhumanistischer Moralphilosophie /$cvon Sabrina Ebbersmeyer. 260 $aBerlin ; ;$aBoston :$bDe Gruyter,$c©2010. 300 $aXI, 330 p. ;$c24 cm 490 1 $aQuellen und studien zur philosophie ;$vBand 95 504 $aBibliografia p. [297]-324. 650 4$aFilosofia morale$xStudi.$0(OLS)http://pul/subject/5139 830 0$aQuellen und studien zur philosophie ;$vBand 95.$0(OLS)http://pul/title/170599 850 $aPUL 852 $aPUL$W1$xSL Filosofia 3$y81$m103 COLL 10.95$j156440$qDDC 21$B155786$CPULBib$Z2$F155786 $H122961 $82 941 1 $a9 996 $6020$z9783110225761*$9(OLS)http://pul/number/153649 996 $6082$a103$9(OLS)http://pul/classification/621 996 $6245$aHomo agens :$bstudien zur Genese und Struktur frühhumanistischer Moralphilosophie$9(OLS)http://pul/title/171503 996 $6260$aBerlin ; $aBoston :$bDe Gruyter$9(OLS)http://pul/publisher/82016 LEADER 01752nam a2200325 u 4500 001 000000111203 003 CaOOAMICUS 005 20080415145916.0 008 080415s2007 it u000 u ita u 020 $z978-88-324-6762-8* 040 $aPUL$bita$dBc 100 1 $aCecchella, Claudio,$b1958-$0(OLS)http://pul/name/59657 245 13$aIl nuovo processo di separazione e divorzio :$bcommento operativo alla riforma introdotta con le leggi n. 80/2005 e n. 54/2006 /$cClaudio Cecchella, Gianluca Vecchio ; coordinamento scientifico a cura di Claudio Cecchella. 260 $aMilano :$bIl Sole 24 ore,$c2007. 300 $axi, 147 p. ;$c24 cm. 490 1 $aGuida alle riforme del processo civile ;$v6. 490 1 $aGuida al diritto 504 $aInclude indici e bibliografia. 650 4$aDivorzio$xDiritto e legislazione.$0(OLS)http://pul/subject/27066 650 4$aSeparazione (diritto).$0(OLS)http://pul/subject/27065 650 4$aProcesso civile.$0(OLS)http://pul/subject/21811 700 1 $aVecchio, Gianluca.$0(OLS)http://pul/name/68261 830 0$aGuida al diritto (Il Sole 24 Ore).$0(OLS)http://pul/title/139818 830 0$aGuida alle riforme del processo civile (Il Sole 24 Ore) ;$v6.$0(OLS)http://pul/title/139817 850 $aPUL 852 $aPUL$W1$xSL Diritto e Scienze Sociali 3$y79$m347. 45 CECCL 1$j127485$qDDC 21$B126182$CPULBib$Z2$F126182 $H107036 $82 941 1 $a9 996 $6020$z978-88-324-6762-8*$9(OLS)http://pul/number/137738 996 $6245$aIl nuovo processo di separazione e divorzio :$bcommento operativo alla riforma introdotta con le leggi n. 80/2005 e n. 54/2006$9(OLS)http://pul/title/139815 996 $6260$aMilano :$bIl Sole 24 ore$9(OLS)http://pul/publisher/69212 LEADER 02222namaa2200421 i 4500 001 000000178633 003 CaOOAMICUS 005 20260327173100.0 007 tu 008 260327s2020 it oa 000 udita r 020 $a978-88-266-0482-4* 040 $aPUL$bita$erda 082 0 $a282.092 100 1 $aFalasca, Stefania,$d1963-,$eautore.$0(OLS)http://pul/name/98511 245 10$aGiovanni Paolo I :$bbiografia ex documentis /$cStefania Falasca, Davide Fiocco, Mauro Velati ; prefazione Card. Beniamino Stella. 250 $aNuova edizione. 264 4$c©2020. 264 1$aCittà del Vaticano :$bLibreria editrice vaticana,$c[2020]$aCittà del Vaticano :$bFondazione Giovanni Paolo I 300 $a984 pagine, XXXII pagine di tavole :$bfacsimili, illustrazioni ;$c30 cm 336 $atesto$btxt$2rdacontent 337 $asenza mediazione$bn$2rdamedia 338 $avolume$bnc$2rdacarrier 500 $a Prima edizione, pubblicata con il titolo: "Albino Luciani, Giovanni Paolo I : biografia ex documentis : dagli atti del processo canonico". Edizione illustrata. Belluno : Tipi Edizioni, giugno 2018. 504 $aBibliografia: pagine 872-977. 600 04$aIohannes Paulus PP.$bI,$d1912-1978$xBiografia.$0(OLS)http://pul/subject/24386 700 1 $aVelati, Mauro,$d1962-,$eautore.$0(OLS)http://pul/name/34784 700 1 $aStella, Beniamino,$ccardinale,$d941-,$eautore di prefazione.$0(OLS)http://pul/name/109981 700 1 $aFiocco, Davide,$csacerdote,$eautore.$0(OLS)http://pul/name/66064 850 $aPUL 852 $aPUL$W1$xSL Religione 3$y85$m282. 092 GIOPA1 3$j202405$qDDC 21$B207785$CPULBib$Z2$F207785 $H138508 $82 941 1 $a9 996 $6020$a978-88-266-0482-4*$9(OLS)http://pul/number/170913 996 $6082$a282.092$9(OLS)http://pul/classification/402 996 $6245$aGiovanni Paolo I :$bbiografia ex documentis$9(OLS)http://pul/title/220216 996 $6264$aCittà del Vaticano :$bLibreria editrice vaticana$9(OLS)http://pul/publisher/47920 996 $6264$aCittà del Vaticano :$bFondazione Giovanni Paolo I$9(OLS)http://pul/publisher/87741 996 $6264$a[S.l.] :$b[s.n.]$9(OLS)http://pul/publisher/0